[Event "Miedzynarodowy Festiwal Szachowy VARSOVIA 2019 - grupa A"]
[Site "Warszawa"]
[Date "1899-12-30"]
[Round "3.24"]
[White "Jurkiewicz, Krzysztof"]
[Black "Bugajski, Robert"]
[Result "1-0"]
[WhiteTitle "k"]
[BlackTitle "FM"]
[WhiteElo "2023"]
[BlackElo "2203"]

1. d4 Nf6 2. c4 g6 3. Nc3 d5 4. Nf3 Bg7 5. Bg5 Ne4 6. cxd5 Nxg5 7. Nxg5 e6 8. Nf3
exd5 9. e3 O-O 10. Be2 c6 11. O-O a5 12. a3 Re8 13. b4 Nd7 14. b5 Nb6 15. Qb3
Bg4 16. Rfe1 Bxf3 17. Bxf3 a4 18. Qc2 Bf8 19. Be2 c5 20. dxc5 Bxc5 21. Red1 Qe7
22. Nxd5 Nxd5 23. Rxd5 Bxa3 24. Bf1 b6 25. Rd3 Rec8 26. Qd1 Bb2 27. Rxa4 Rxa4
28. Qxa4 Rc1 29. g3 Ra1 30. Qc2 Qb4 31. Rd1 Rxd1 32. Qxd1 Qe7 33. Bc4 Be5 34.
Qd5 Bd6 35. Kg2 Bc5 36. h4 h5 37. e4 Kg7 38. e5 Bb4 39. Qd4 Bc5 40. Qd5 Bb4 41.
f4 Bc3 42. Kf3 Bb4 43. Bb3 Bc5 44. Qc6 Bd4 45. Ke4 Bf2 46. Kf3 Bc5 47. Ke4 Bf2
48. Kf3 Bc5 49. Qd5 Bb4 50. Qe4 Bc3 51. e6 fxe6 52. Qe3 Qb7+ 53. Kf2 Bb4 1-0

[Event "Miedzynarodowy Festiwal Szachowy VARSOVIA 2019 - grupa A"]
[Site "Warszawa"]
[Date "1899-12-30"]
[Round "3.25"]
[White "Szewczyk, Mariusz"]
[Black "Wielecki, Zygmunt"]
[Result "1-0"]
[WhiteTitle "I++"]
[BlackTitle "k"]
[WhiteElo "2022"]
[BlackElo "2095"]

1. e4 c5 2. Nf3 e6 3. c3 d5 4. exd5 exd5 5. d4 Nc6 6. Bb5 cxd4 7. Nxd4 Bd7 8. O-O
Nf6 9. Bg5 Be7 10. Bxf6 Bxf6 11. Re1+ Kf8 12. Qb3 Nxd4 13. cxd4 Be6 14. Nc3 g6
15. Be2 Qb6 16. Qxb6 axb6 17. Red1 Ke7 18. Bf3 Rhd8 19. Rac1 Rac8 20. Rc2 Rc4
21. Rcd2 Kd6 22. Be2 Rcc8 23. f4 g5 24. fxg5 Bxg5 25. Rc2 h6 26. Kf2 Bf6 27. Bf3
Rc4 28. Nb5+ Ke7 29. Rxc4 dxc4 30. Bxb7 Bd7 31. Nc3 Bg4 32. Re1+ Kd7 33. Nb5 1-0

[Event "Miedzynarodowy Festiwal Szachowy VARSOVIA 2019 - grupa A"]
[Site "Warszawa"]
[Date "1899-12-30"]
[Round "3.26"]
[White "Zarebska, Lena"]
[Black "Skurniak, Szymon"]
[Result "0-1"]
[WhiteTitle "I++"]
[BlackTitle "I+"]
[WhiteElo "1915"]
[BlackElo "2030"]

1. e4 c5 2. Nf3 Nc6 3. d4 cxd4 4. Nxd4 Nf6 5. Nc3 d6 6. Bc4 Qb6 7. Nb3 e6 8. Bf4
Ne5 9. Be2 a6 10. Qd2 Be7 11. f3 O-O 12. O-O-O Qc7 13. g4 b5 14. a3 Nc4 15. Qe1
e5 16. Bg5 Be6 17. Bd3 Rfc8 18. Bd2 Nd7 19. Nd5 Bxd5 20. exd5 Nxd2 21. Qxd2 a5
22. Kb1 Rcb8 23. Nc1 Nc5 24. b3 Qb6 25. g5 Na4 26. Ne2 b4 27. bxa4 Qc5 28. Bb5
bxa3 29. Qc3 Rxb5+ 30. axb5 Qxb5+ 31. Ka2 Qxe2 32. h4 Qa6 33. Qd3 Qa7 34. Rb1
Rc8 35. Rhc1 g6 36. Rb5 Qf2 37. Rb7 Qxh4 38. Rcb1 Bxg5 39. Kxa3 Qf2 40. c4 Bd2
41. R7b2 Bb4+ 42. Ka2 Qd4 43. Qxd4 exd4 44. Kb3 Re8 45. Ka4 h5 46. f4 Kg7 47.
Rf2 Kf6 48. Rg1 d3 49. Rf3 d2 50. Rd1 Re1 51. Rf1 Re3 52. Kb5 Kf5 53. Kc6 Rc3
54. Kb5 Rc2 55. Rf2 Ke4 56. Re2+ Kd3 57. Rh2 Rc1 58. Rhh1 Rxd1 59. Rxd1 Ke2 0-1

[Event "Miedzynarodowy Festiwal Szachowy VARSOVIA 2019 - grupa A"]
[Site "Warszawa"]
[Date "1899-12-30"]
[Round "3.27"]
[White "Malaczek, Mateusz"]
[Black "Hetzer, Volkhard"]
[Result "1-0"]
[WhiteTitle "II+"]
[BlackTitle ""]
[WhiteElo "2028"]
[BlackElo "1927"]

1. c4 c5 2. Nf3 e6 3. g3 Nc6 4. Bg2 Nf6 5. O-O d5 6. cxd5 exd5 7. d4 Be7 8. Nc3
O-O 9. Bf4 Bg4 10. dxc5 Bxc5 11. Rc1 Be7 12. Nb5 Qa5 13. Qb3 Rac8 14. Rfd1 Rfd8
15. h3 Be6 16. Nbd4 Qa6 17. Nxe6 fxe6 18. Ng5 Re8 19. Qe3 Bf8 20. Be5 Nxe5 21.
Rxc8 Rxc8 22. Qxe5 Re8 23. Rxd5 h6 24. Ra5 Qc4 25. Ne4 Nxe4 26. Bxe4 Qc1+ 27.
Kg2 Kh8 28. Qh5 Qc7 1-0

[Event "Miedzynarodowy Festiwal Szachowy VARSOVIA 2019 - grupa A"]
[Site "Warszawa"]
[Date "1899-12-30"]
[Round "4.1"]
[White "Kislinsky, Alexey"]
[Black "Dzida, Kamil"]
[Result "1/2-1/2"]
[WhiteTitle "GM"]
[BlackTitle "k"]
[WhiteElo "2460"]
[BlackElo "2090"]

1. e4 c5 2. c3 d6 3. d3 Nf6 4. g3 g6 5. Bg2 Bg7 6. f4 O-O 7. Ne2 Nc6 8. O-O Rb8
9. h3 Qc7 10. a4 a6 11. Be3 Re8 12. g4 b5 13. axb5 axb5 14. Nd2 e6 15. Ng3 b4
16. Qc2 Bb7 17. g5 Nd7 18. h4 Ra8 19. Rxa8 Rxa8 20. h5 bxc3 21. bxc3 Qa5 22. Rb1
Rb8 23. e5 dxe5 24. h6 Bh8 25. Nge4 Ba8 26. Rf1 Ne7 27. Nc4 Qc7 28. fxe5 Bxe4
29. Bxe4 Nd5 30. d4 cxd4 31. cxd4 N7b6 32. Bxd5 Nxd5 33. Bc1 Rb4 34. Ne3 Rxd4
35. Qxc7 Nxc7 36. Bb2 Bxe5 37. Rc1 f5 38. Rxc7 Bxc7 39. Bxd4 Bf4 40. Nc4 Bxg5
41. Bg7 Be7 42. Kg2 1/2-1/2

[Event "Miedzynarodowy Festiwal Szachowy VARSOVIA 2019 - grupa A"]
[Site "Warszawa"]
[Date "1899-12-30"]
[Round "4.2"]
[White "Kowalczyk, Rafal"]
[Black "Seemann, Jakub"]
[Result "1-0"]
[WhiteTitle "k++"]
[BlackTitle "I+"]
[WhiteElo "2242"]
[BlackElo "2050"]

1. e4 c5 2. c3 Nf6 3. e5 Nd5 4. Nf3 Nc6 5. Bc4 Nb6 6. Bb3 c4 7. Bc2 g6 8. O-O Bg7
9. Qe2 d6 10. exd6 Qxd6 11. Na3 Bg4 12. Nxc4 Nxc4 13. Qxc4 Bxf3 14. gxf3 O-O 15.
Qh4 Rac8 16. Be4 f5 17. Bxc6 Qxc6 18. f4 Bf6 19. Qg3 b5 20. a4 bxa4 21. d4 Qc4
22. Qf3 e6 23. Qd1 Rf7 24. Qxa4 Qd3 25. Qa6 Qxa6 26. Rxa6 Re8 27. Re1 Rfe7 28.
Bd2 Kf7 29. Rea1 Rb8 30. b4 Rbb7 31. Kf1 h6 32. Ke2 g5 33. Kd3 Red7 34. Re1 Rb6
35. Rxb6 axb6 36. Kc4 Rd5 37. b5 Rd7 38. Ra1 Kg6 39. Ra8 Bd8 40. Kd3 Bc7 41. fxg5
hxg5 42. Rg8+ Kf7 43. Rxg5 Bxh2 44. f4 Kf6 45. Rh5 Bg3 46. Rh6+ Ke7 47. Rh3 Bf2
48. Ke2 Bg1 49. Rh1 Bxd4 50. Rh7+ 1-0

[Event "Miedzynarodowy Festiwal Szachowy VARSOVIA 2019 - grupa A"]
[Site "Warszawa"]
[Date "1899-12-30"]
[Round "4.3"]
[White "Eggink, Ryszard"]
[Black "Kokoszczynski, Jan"]
[Result "1-0"]
[WhiteTitle "m"]
[BlackTitle "k"]
[WhiteElo "2402"]
[BlackElo "2264"]

1. d4 e6 2. c4 Nf6 3. g3 d5 4. Nf3 Bb4+ 5. Bd2 Be7 6. Bg2 O-O 7. O-O c6 8. b3 b6
9. Bf4 Nbd7 10. Nc3 Ba6 11. Qd3 Nh5 12. Bd2 f5 13. a4 Bd6 14. Rfc1 Nhf6 15. a5
Nb8 16. Ra2 Qe7 17. axb6 axb6 18. Rca1 Qb7 19. Bf4 Ne4 20. Bxd6 Nxd6 21. Qe3 Re8
22. Ne5 Nf7 23. Nxf7 Kxf7 24. b4 b5 25. c5 Re7 26. Nb1 Qc8 27. Ra5 Rea7 28. Nd2
Nd7 29. Nf3 h6 30. g4 fxg4 31. Qf4+ Kg8 32. Qxg4 Nf6 33. Qg6 Qc7 34. Ne5 Bc8 35.
Nxc6 Rxa5 36. Nxa5 Bd7 37. Ra3 Rf8 38. Qg3 Qd8 39. Nb7 Qe7 40. Nd6 Nh5 41. Qe5
Qh4 42. Rf3 Ra8 43. h3 Ra1+ 44. Kh2 Nf6 45. Rf4 Qg5 46. Qxg5 hxg5 47. Rf3 Rb1
48. Rc3 Bc6 49. Ra3 Rxb4 50. Ra6 Bd7 51. c6 Bxc6 52. Rxc6 Rxd4 53. Nxb5 Rb4 54.
Nc7 Rf4 55. Kg1 1-0

[Event "Miedzynarodowy Festiwal Szachowy VARSOVIA 2019 - grupa A"]
[Site "Warszawa"]
[Date "1899-12-30"]
[Round "4.4"]
[White "Pacan-milej, Kosma"]
[Black "Martins, David Pires Tavares"]
[Result "1-0"]
[WhiteTitle "FM"]
[BlackTitle "IM"]
[WhiteElo "2315"]
[BlackElo "2422"]

1. d4 e6 2. c4 Nf6 3. Nf3 b6 4. g3 Ba6 5. b3 Bb4+ 6. Bd2 Be7 7. Nc3 d5 8. cxd5
exd5 9. Bg2 O-O 10. O-O Re8 11. Ne5 Bb7 12. Rc1 Nbd7 13. Bf4 Nf8 14. Qd3 Ne6 15.
Rfd1 Nxf4 16. gxf4 c6 17. Rc2 Qd6 18. e3 Qe6 19. Ne2 Nd7 20. Ng3 f6 21. Nf3 Bf8
22. Kh1 Rac8 23. Qf5 Qxf5 24. Nxf5 Kf7 25. Ne1 Nb8 26. Nd3 a5 27. Nb2 g6 28. Ng3
Bd6 29. Bh3 Rcd8 30. Na4 Bc7 31. a3 f5 32. Bf1 Nd7 33. Ne2 Bd6 34. Ra1 Rc8 35.
Ng1 b5 36. Nb2 h6 37. Nf3 Rg8 38. h4 Ke6 39. Nd3 Be7 40. Bg2 Kd6 41. Rac1 Nf8
42. Nc5 Ba8 43. Bh3 Ne6 44. Nd3 g5 45. Bxf5 Rcf8 46. Bxe6 Kxe6 47. Nfe5 gxf4 48.
Nxf4+ Kf5 49. Nxc6 Bxa3 50. Rg1 Bd6 51. Nxa5 Bxf4 52. exf4 Ke4 53. Rd2 b4 54.
Re1+ Kxf4 55. Re6 Rc8 56. Rf6+ Ke4 57. Rd1 Rc2 58. Rxh6 Rxf2 59. Re6+ Kf5 60.
Rde1 Ra2 61. R6e5+ Kf6 62. Rf1+ Kg7 63. Rg1+ Kf7 64. Rxg8 Kxg8 65. Re8+ Kf7 66.
Rxa8 Kf6 67. Ra7 Kf5 68. Nc6 Rb2 69. Nxb4 Rxb3 70. Nxd5 Rh3+ 71. Kg2 Rxh4 72.
Ne3+ Ke4 73. Re7+ Kd3 74. d5 Rh6 75. Re6 Rh8 76. d6 Kd4 77. Nf5+ Kd5 78. Re1 Rf8
79. Kg3 1-0

[Event "Miedzynarodowy Festiwal Szachowy VARSOVIA 2019 - grupa A"]
[Site "Warszawa"]
[Date "1899-12-30"]
[Round "4.5"]
[White "Mikhaletz, Lubomir"]
[Black "Kubicka, Anna"]
[Result "0-1"]
[WhiteTitle "GM"]
[BlackTitle "WIM"]
[WhiteElo "2386"]
[BlackElo "2221"]

1. d4 c5 2. c3 d5 3. dxc5 e6 4. b4 a5 5. Qb3 Nf6 6. e3 Be7 7. Nf3 O-O 8. Nbd2 b6
9. cxb6 Qxb6 10. Rb1 Nc6 11. a3 axb4 12. cxb4 e5 13. Bb2 e4 14. Nd4 Ne5 15. Be2
Nfg4 16. h3 Qh6 17. Qxd5 Nxf2 18. Nxe4 Ned3+ 19. Kd2 Be6 20. Qb7 Nxe4+ 21. Kxd3
Nf2+ 22. Kd2 Bg5 23. Qf3 Bxe3+ 24. Ke1 Nxh1 25. Nc2 Bf4 26. Bd3 Qh4+ 27. g3 Nxg3
28. Bd4 Ne4+ 29. Kd1 Nd2 30. Qg2 Bg5 31. Bf2 Qh6 32. h4 Nxb1 33. hxg5 Qh5+ 34.
Kc1 Nxa3 35. Ne3 Rac8+ 36. Kb2 Nc4+ 0-1

[Event "Miedzynarodowy Festiwal Szachowy VARSOVIA 2019 - grupa A"]
[Site "Warszawa"]
[Date "1899-12-30"]
[Round "4.6"]
[White "Fiszer, Bartosz"]
[Black "Licznerski, Lukasz"]
[Result "1-0"]
[WhiteTitle "CM"]
[BlackTitle "FM"]
[WhiteElo "2146"]
[BlackElo "2373"]

1. e4 c6 2. d4 d5 3. Nd2 dxe4 4. Nxe4 Nd7 5. Ng5 Ngf6 6. Bd3 e6 7. N1f3 Bd6 8.
Qe2 h6 9. Ne4 Nxe4 10. Qxe4 Qc7 11. Qg4 Kf8 12. O-O b6 13. Re1 c5 14. dxc5 bxc5
15. Qh4 Bb7 16. Be4 Be7 17. Bg5 Bxg5 18. Nxg5 Nf6 19. Bxb7 Qxb7 20. b3 Rd8 21.
Rad1 Ke7 22. Nf3 Rxd1 23. Rxd1 Rd8 24. Rxd8 Kxd8 25. Qg3 Qd7 26. h3 Ne8 27. Qb8+
Ke7 28. Ne5 Qd1+ 29. Kh2 Qd6 30. Qxa7+ Nc7 31. f4 g5 32. Qa4 Nd5 33. Qa7+ Nc7
34. Qa4 Nd5 35. Qc6 Qxc6 36. Nxc6+ Kd6 37. Ne5 f6 38. Nc4+ Kd7 39. fxg5 hxg5 40.
a3 e5 41. g4 e4 42. Kg3 Kc6 43. h4 gxh4+ 44. Kxh4 Nf4 45. Kg3 Ne2+ 46. Kf2 Nd4
47. Ne3 Kb5 48. Kg3 Ne2+ 49. Kh4 Nf4 50. g5 fxg5+ 51. Kxg5 Ne2 52. Kf5 Nc3 53.
Ke5 Kc6 54. Nc4 Kc7 55. a4 Kc6 56. Kf4 Kd5 57. a5 Kd4 58. a6 Nd5+ 59. Kg3 Kc3
60. a7 Nc7 61. Ne3 Na8 62. Kf4 c4 63. Nxc4 Kxc2 64. Kxe4 Kxb3 65. Kd5 Kb4 66.
Kc6 Ka4 67. Kb7 Kb5 68. Kxa8 Kc6 69. Kb8 1-0

[Event "Miedzynarodowy Festiwal Szachowy VARSOVIA 2019 - grupa A"]
[Site "Warszawa"]
[Date "1899-12-30"]
[Round "4.7"]
[White "Luczak, Filip"]
[Black "Czerwonski, Aleksander"]
[Result "0-1"]
[WhiteTitle "CM"]
[BlackTitle "IM"]
[WhiteElo "2137"]
[BlackElo "2358"]

1. d4 d6 2. c4 e5 3. Nf3 e4 4. Nfd2 f5 5. Nc3 Nf6 6. e3 c6 7. Rb1 d5 8. b4 Bd6
9. Qb3 f4 10. cxd5 fxe3 11. fxe3 cxd5 12. Bb5+ Nc6 13. h3 Bg3+ 14. Kd1 a6 15.
Be2 Bf5 16. Rf1 Qd7 17. Na4 Rb8 18. Nc5 Qc8 19. b5 axb5 20. Bxb5 O-O 21. a4 Kh8
22. Ba3 Bg6 23. Qc3 Ne7 24. Rb3 Nf5 25. Nb1 Bh5+ 26. Kd2 Nh4 27. Nd7 Qxc3+ 28.
Nxc3 Nxd7 29. Bxf8 Nxf8 30. Be2 Bxe2 31. Nxe2 Bd6 32. Rb6 Be7 33. Nf4 Nd7 34.
Rb5 Nf6 35. Rfb1 Ra8 36. Rxb7 Bd6 37. Ne6 Ne8 38. Ra1 Nf5 39. a5 Bb8 40. a6 Ned6
41. Rd7 Nc4+ 42. Ke2 Ba7 43. Rb1 h6 44. Rd8+ Rxd8 45. Nxd8 Ncxe3 46. Nc6 Nxd4+
47. Nxd4 Bxd4 48. Rb7 Nxg2 49. a7 Nf4+ 50. Kf1 Bxa7 51. Rxa7 Nxh3 52. Kg2 Nf4+
53. Kg3 Nh5+ 54. Kg4 Nf6+ 55. Kf5 Kh7 56. Re7 d4 57. Re6 d3 58. Rd6 h5 59. Kg5
Ng4 60. Kxh5 e3 61. Rxd3 e2 0-1

[Event "Miedzynarodowy Festiwal Szachowy VARSOVIA 2019 - grupa A"]
[Site "Warszawa"]
[Date "1899-12-30"]
[Round "4.8"]
[White "Chomczyk, Marek"]
[Black "Chylewski, Patryk"]
[Result "1-0"]
[WhiteTitle "k++"]
[BlackTitle "FM"]
[WhiteElo "2274"]
[BlackElo "2357"]

1. d4 Nf6 2. c4 e6 3. Nf3 d5 4. g3 Bb4+ 5. Bd2 Bd6 6. Bg2 c6 7. Qc2 Nbd7 8. O-O
O-O 9. b3 Ne4 10. Nc3 f5 11. Ne1 Qe7 12. Nxe4 dxe4 13. f3 exf3 14. Nxf3 e5 15.
Nh4 g6 16. Bh6 exd4 17. Bxf8 Nxf8 18. Kh1 Be6 19. Nf3 c5 20. Rae1 f4 21. gxf4
Bf5 22. Qd2 Re8 23. Ng5 h6 24. e4 dxe3 25. Qd5+ Ne6 26. Nxe6 Bxe6 27. Qxb7 Qxb7
28. Bxb7 Bg4 29. Bf3 Bf5 30. Kg2 Bd3 31. Bd5+ Kf8 32. Rf3 Bf5 33. h3 Bc7 34. Rfxe3
Rxe3 35. Rxe3 Bxf4 36. Re1 g5 37. Bc6 Kf7 38. Re8 Bd2 39. Re5 Kf6 40. Rxc5 a6
41. Bf3 a5 42. Rc6+ Ke5 43. c5 h5 44. Rd6 Bb4 45. Rd5+ Kf4 46. c6 Be6 47. c7 1-0

[Event "Miedzynarodowy Festiwal Szachowy VARSOVIA 2019 - grupa A"]
[Site "Warszawa"]
[Date "1899-12-30"]
[Round "4.9"]
[White "Kowalski, Igor"]
[Black "Stachanczyk, Jacek"]
[Result "1-0"]
[WhiteTitle "FM"]
[BlackTitle "IM"]
[WhiteElo "2354"]
[BlackElo "2160"]

1. d4 d5 2. c4 c6 3. cxd5 cxd5 4. Nc3 Nf6 5. Bf4 Nc6 6. e3 Bf5 7. Qb3 Na5 8. Qa4+
Bd7 9. Qc2 e6 10. Bd3 Be7 11. Nf3 Nc6 12. a3 Nh5 13. Be5 f6 14. Bg3 f5 15. Ne5
O-O 16. Nxc6 Bxc6 17. Be5 Nf6 18. f3 Rc8 19. O-O Bd6 20. Qf2 Bxe5 21. dxe5 Nd7
22. f4 Qb6 23. b4 d4 24. exd4 Bxg2 25. Rfc1 Bd5 26. Nxd5 Rxc1+ 27. Rxc1 exd5 28.
Qe3 Qg6+ 29. Kf2 Nb6 30. Qh3 Rf7 31. Rc5 Qe6 32. Qf3 Rd7 33. Bb5 Rd8 34. Rc7 a6
35. Qg3 Qh6 36. Bd3 Rc8 37. Rxb7 Rc3 38. e6 Nc8 39. e7 Nd6 40. Qg2 Qxf4+ 41. Ke2
Qxd4 42. Qf3 Rc8 43. Rd7 Qb2+ 44. Ke3 Qe5+ 45. Kd2 Qxh2+ 46. Kd1 Qg1+ 47. Ke2
Qh2+ 48. Kd1 Qe5 49. Rd8+ Kf7 50. e8=Q+ Nxe8 51. Rxc8 Nd6 52. Rc6 g6 53. Qe2 1-0

[Event "Miedzynarodowy Festiwal Szachowy VARSOVIA 2019 - grupa A"]
[Site "Warszawa"]
[Date "1899-12-30"]
[Round "4.10"]
[White "Bukojemski, Adam"]
[Black "Niekras, Dawid"]
[Result "1-0"]
[WhiteTitle "k"]
[BlackTitle "FM"]
[WhiteElo "2219"]
[BlackElo "2331"]

1. e4 c5 2. Nf3 d6 3. d4 cxd4 4. Qxd4 Nc6 5. Qe3 g6 6. Bb5 Bg7 7. O-O Nf6 8. h3
O-O 9. Rd1 Nd7 10. Na3 Qc7 11. Bf1 a6 12. Rb1 b5 13. c4 b4 14. Nc2 Nc5 15. Nfd4
Nxd4 16. Nxd4 Bb7 17. f3 Be5 18. Qe1 Qb6 19. Be3 e6 20. Nb3 a5 21. Qf2 Qc7 22.
Nxc5 dxc5 23. f4 Bg7 24. e5 f6 25. Bxc5 fxe5 26. Bxf8 Rxf8 27. Qe3 e4 28. Qd2
Qc5+ 29. Kh1 e3 30. Qd7 Bc8 31. Qd6 Qh5 32. Re1 Bh6 33. Be2 Qh4 34. Bg4 Bxf4 35.
Bxe6+ Kg7 36. Qd4+ Kh6 37. Rxe3 Rd8 38. Bd5 Bf5 39. Rf1 Kg5 40. Ref3 Bg3 41. Qe3+
1-0

[Event "Miedzynarodowy Festiwal Szachowy VARSOVIA 2019 - grupa A"]
[Site "Warszawa"]
[Date "1899-12-30"]
[Round "4.12"]
[White "Golecki, Jan"]
[Black "Vysochin, Spartak"]
[Result "1/2-1/2"]
[WhiteTitle "I++"]
[BlackTitle "GM"]
[WhiteElo "2053"]
[BlackElo "2512"]

1. e4 e6 2. d4 d5 3. Nd2 Nc6 4. c3 dxe4 5. Nxe4 Qd5 6. Qf3 e5 7. Ng5 Qxf3 8. N1xf3
h6 9. Ne4 exd4 10. Nxd4 Nxd4 11. cxd4 Be6 12. Be3 Bb4+ 13. Nc3 O-O-O 14. Be2 Ne7
15. O-O Rhe8 16. Rac1 Ba5 17. Rfd1 Bb6 18. Bf3 Nf5 19. Nb5 a6 20. Nxc7 Bxc7 21.
d5 Nxe3 22. fxe3 Bxd5 23. Rxd5 Rxd5 24. Bxd5 Rxe3 25. Bxf7 Re2 26. b4 Kb8 27.
g3 Bd6 28. b5 axb5 29. Bb3 Rd2 30. Rc2 Rd4 31. Kg2 h5 32. Kf3 h4 33. Re2 hxg3
34. hxg3 Kc7 35. Re4 Rd2 36. Re2 Rd4 37. Re4 1/2-1/2

[Event "Miedzynarodowy Festiwal Szachowy VARSOVIA 2019 - grupa A"]
[Site "Warszawa"]
[Date "1899-12-30"]
[Round "4.13"]
[White "Wojtaszewski, Piotr"]
[Black "Chyzy, Jakub"]
[Result "0-1"]
[WhiteTitle "I++"]
[BlackTitle "FM"]
[WhiteElo "2045"]
[BlackElo "2291"]

1. c4 e6 2. Nc3 d5 3. d4 Nf6 4. Nf3 Nbd7 5. e3 Be7 6. Bd3 O-O 7. O-O b6 8. e4 dxe4
9. Nxe4 Bb7 10. Re1 c5 11. Bf4 cxd4 12. Nd6 Bxf3 13. Qxf3 Nc5 14. Nb7 Qd7 15.
Nxc5 bxc5 16. g4 Rac8 17. h4 Qc6 18. Qh3 Bd6 19. Bg5 Nd7 20. b3 Qc7 21. Be4 Bf4
22. Qf3 Bxg5 23. hxg5 g6 24. Kg2 f6 25. Bd5 exd5 26. Qxd5+ Rf7 27. Re7 Qc6 28.
Rxd7 Qxd7 0-1

[Event "Miedzynarodowy Festiwal Szachowy VARSOVIA 2019 - grupa A"]
[Site "Warszawa"]
[Date "1899-12-30"]
[Round "4.14"]
[White "Starosta, Martyna"]
[Black "Siekanski, Janusz"]
[Result "0-1"]
[WhiteTitle "WCM"]
[BlackTitle "k"]
[WhiteElo "2019"]
[BlackElo "2206"]

1. e4 c5 2. Nf3 e6 3. d4 cxd4 4. Nxd4 Nf6 5. Nc3 d6 6. Be2 Be7 7. O-O O-O 8. f4
Nc6 9. Kh1 a6 10. Be3 Bd7 11. Qe1 b5 12. a3 Qb8 13. Bf3 Nxd4 14. Bxd4 e5 15. Be3
Bc6 16. Qg3 Kh8 17. Rad1 a5 18. Nd5 Bxd5 19. exd5 e4 20. Be2 Nd7 21. Bd4 Bf6 22.
Qb3 b4 23. axb4 Qxb4 24. Qxb4 axb4 25. Bb5 Nc5 26. Bxf6 gxf6 27. Ra1 Rfb8 28.
Bc6 Rxa1 29. Rxa1 b3 30. cxb3 Rxb3 31. Rb1 Nd3 32. Ba4 Rb4 33. Bc2 Nxf4 34. Re1
f5 35. g4 Rxb2 36. Bb1 Nd3 37. Bxd3 exd3 38. Rd1 fxg4 39. Rxd3 Kg7 40. Rg3 h5
41. h3 f5 42. hxg4 hxg4 43. Rd3 Kf6 44. Re3 Kg5 45. Re6 Kh4 46. Re1 Rd2 0-1

[Event "Miedzynarodowy Festiwal Szachowy VARSOVIA 2019 - grupa A"]
[Site "Warszawa"]
[Date "1899-12-30"]
[Round "4.15"]
[White "Goslawski, Michal"]
[Black "Rudzinska, Michalina"]
[Result "1-0"]
[WhiteTitle "k+"]
[BlackTitle "WFM"]
[WhiteElo "2157"]
[BlackElo "2005"]

1. Nf3 c5 2. g3 Nf6 3. Bg2 Nc6 4. O-O e6 5. c4 Be7 6. b3 O-O 7. Bb2 d5 8. e3 b6
9. Nc3 Bb7 10. cxd5 exd5 11. d4 cxd4 12. Nxd4 Nxd4 13. Qxd4 Bc5 14. Qd3 Qd7 15.
Ne2 Be7 16. Rad1 Rfd8 17. Nf4 a5 18. Bxf6 Bxf6 19. Nxd5 Bxd5 20. Bxd5 Rac8 21.
Rfe1 Qe7 22. Re2 Rc3 23. Qd2 Qc5 24. e4 h6 25. Kg2 Rc8 26. Qf4 Rc2 27. Rde1 Rxe2
28. Rxe2 Re8 29. a4 Re7 30. h4 Qc7 31. Qe3 Re8 32. Qf3 Qc3 33. Re3 Qe5 34. Qg4
Re7 35. Rf3 h5 36. Qc8+ Re8 37. Qb7 Re7 38. Qxb6 Qc7 39. Qa6 Re5 40. Qa8+ Kh7
41. Qf8 Qe7 42. Qb8 Kg6 43. Qb6 Qb4 44. Qxb4 axb4 45. a5 Re7 46. a6 Bd4 47. Rf5
f6 48. Kf3 Rc7 49. Bc4 Be5 50. Ke2 Kh6 51. Rf3 g6 52. Rd3 Kg7 53. f4 Bc3 54. Rd8
Re7 55. Kd3 Be1 56. Ke3 Bxg3 57. Rb8 g5 58. hxg5 fxg5 59. Rg8+ Kh6 60. fxg5+ Kh7
61. g6+ Kh6 62. Rh8+ Kg5 63. Rh7 1-0

[Event "Miedzynarodowy Festiwal Szachowy VARSOVIA 2019 - grupa A"]
[Site "Warszawa"]
[Date "1899-12-30"]
[Round "4.16"]
[White "Malicka, Maria"]
[Black "Harazinska, Magdalena"]
[Result "1-0"]
[WhiteTitle "WCM"]
[BlackTitle "WFM"]
[WhiteElo "2104"]
[BlackElo "1994"]

1. e4 c5 2. Nf3 d6 3. d4 cxd4 4. Nxd4 Nf6 5. Nc3 a6 6. Bg5 e6 7. f4 h6 8. Bh4 Qb6
9. a3 Be7 10. Bf2 Qc7 11. Qf3 Nbd7 12. O-O-O b5 13. g4 Bb7 14. Bg2 Rc8 15. Kb1
g5 16. Qh3 Rg8 17. e5 dxe5 18. fxe5 Nxe5 19. Bg3 Bxg2 20. Qxg2 Qc5 21. Ne4 Nxe4
22. Qxe4 Nc4 23. Nxe6 fxe6 24. Qh7 Bf6 25. Qxg8+ Ke7 26. Qh7+ Kf8 27. Rhf1 Nxa3+
28. bxa3 Qc3 29. Qh8+ Ke7 30. Bd6+ Kd7 31. Be5+ 1-0

[Event "Miedzynarodowy Festiwal Szachowy VARSOVIA 2019 - grupa A"]
[Site "Warszawa"]
[Date "1899-12-30"]
[Round "4.17"]
[White "Wikar, Martyna"]
[Black "Praczukowski, Stanislaw"]
[Result "0-1"]
[WhiteTitle "k+"]
[BlackTitle "k"]
[WhiteElo "1978"]
[BlackElo "2078"]

1. e4 c6 2. d3 d5 3. Nd2 g6 4. h4 Nf6 5. c3 Bg7 6. Be2 h5 7. Nh3 Bxh3 8. Rxh3 Nbd7
9. Qc2 Qc7 10. Nf3 O-O-O 11. Ng5 Rhf8 12. Bd2 dxe4 13. dxe4 Ng4 14. f3 Nge5 15.
O-O-O Nc5 16. Be3 Rxd1+ 17. Qxd1 Rd8 18. Qf1 Ned3+ 19. Kc2 Qa5 20. Bxc5 Nxc5 21.
Bc4 b5 22. Bb3 Nxb3 23. axb3 Bxc3 24. b4 Qxb4 25. bxc3 Qa4+ 26. Kb1 Rd2 0-1

[Event "Miedzynarodowy Festiwal Szachowy VARSOVIA 2019 - grupa A"]
[Site "Warszawa"]
[Date "1899-12-30"]
[Round "4.18"]
[White "Koziorowicz, Michal"]
[Black "Jurkiewicz, Krzysztof"]
[Result "1-0"]
[WhiteTitle "k"]
[BlackTitle "k"]
[WhiteElo "2184"]
[BlackElo "2023"]

1. e4 c5 2. Nf3 d6 3. d4 cxd4 4. Nxd4 Nf6 5. Nc3 g6 6. Be3 Bg7 7. f3 O-O 8. Qd2
Nc6 9. Bc4 Nd7 10. O-O-O Nb6 11. Bb3 Na5 12. Qd3 Nxb3+ 13. cxb3 a5 14. a4 Nd7
15. h4 Nc5 16. Qc2 Bd7 17. h5 Rc8 18. hxg6 fxg6 19. g4 Rf7 20. Kb1 Qf8 21. Rh4
e5 22. Nde2 Rxf3 23. Bxc5 Rxc5 24. Qd2 Rc6 25. Qd5+ Qf7 26. Qxa5 Bf6 27. Rh2 Bxg4
28. Nd5 Bg5 29. Rg1 Rf1+ 30. Rxf1 Qxf1+ 31. Ka2 Qf7 32. Nec3 h5 33. Qa7 Kg7 34.
Rf2 Bf4 35. Nxf4 exf4 36. Rxf4 Qxf4 37. Qxb7+ Kh6 38. Qxc6 Qe5 39. Qb6 Be6 40.
a5 Qc5 41. Qd8 Bc8 42. Nd5 Qc1 43. Qf8+ Kg5 44. Qf6+ Kh6 45. Ne7 Qg1 46. Nxc8
Qc5 47. Qd8 Qc6 48. Nxd6 Kg7 49. Qe7+ Kg8 50. Qf7+ 1-0

[Event "Miedzynarodowy Festiwal Szachowy VARSOVIA 2019 - grupa A"]
[Site "Warszawa"]
[Date "1899-12-30"]
[Round "4.19"]
[White "Smieszek, Wojciech"]
[Black "Szewczyk, Mariusz"]
[Result "1-0"]
[WhiteTitle "k"]
[BlackTitle "I++"]
[WhiteElo "2140"]
[BlackElo "2022"]

1. e4 e5 2. Nf3 Nc6 3. Bb5 Nf6 4. Qe2 Be7 5. O-O d6 6. c3 O-O 7. Rd1 a6 8. Ba4
Bg4 9. d3 Re8 10. Nbd2 b5 11. Bc2 d5 12. h3 Bh5 13. Nf1 d4 14. Ng3 Bg6 15. Nh4
Bc5 16. Qf3 dxc3 17. bxc3 b4 18. Ba4 Re6 19. Nxg6 hxg6 20. d4 exd4 21. Bxc6 Rxc6
22. cxd4 Bxd4 23. e5 Rc2 24. Be3 Bxa1 25. Rxd8+ Rxd8 26. exf6 Rxa2 27. Bc5 gxf6
28. Ne4 Be5 29. g3 f5 30. Ng5 Bf6 31. h4 a5 32. Kg2 Rad2 33. Qb7 Be5 34. Nf3 Rc2
35. Be7 Re8 36. Qd5 Bd6 37. Bxd6 cxd6 38. Ng5 Rc7 39. h5 gxh5 40. Qxf5 b3 41.
Qh7+ Kf8 42. Qh8+ Ke7 43. Qxh5 Kf6 44. Qh6+ Ke7 45. Ne4 Rd7 46. Qg5+ Ke6 47. Qb5
a4 48. Nc3 d5 49. Nxa4 1-0

[Event "Miedzynarodowy Festiwal Szachowy VARSOVIA 2019 - grupa A"]
[Site "Warszawa"]
[Date "1899-12-30"]
[Round "4.20"]
[White "Derylo, Kamil"]
[Black "Kolasinski, Krzysztof"]
[Result "0-1"]
[WhiteTitle "I++"]
[BlackTitle "I++"]
[WhiteElo "1999"]
[BlackElo "2115"]

1. e4 c5 2. Nf3 Nc6 3. d4 cxd4 4. Nxd4 g6 5. Nc3 Bg7 6. Be3 Nf6 7. Nb3 O-O 8. Be2
d6 9. O-O Be6 10. f4 a6 11. Qd2 Rc8 12. Bf3 Bg4 13. Qe2 Bxf3 14. Qxf3 b5 15. a3
Nd7 16. Qf2 Rb8 17. Rad1 Nb6 18. Nd4 Nxd4 19. Bxd4 Bxd4 20. Qxd4 Qc7 21. f5 Qc5
22. Kh1 Qxd4 23. Rxd4 Rfc8 24. f6 Kf8 25. Rd2 Rb7 26. fxe7+ Kxe7 27. Re2 Rc5 28.
g3 Re5 29. Kg2 Rc7 30. Na2 f5 31. Ref2 Rxe4 32. Nc3 Re5 33. g4 Nc4 34. Kg3 Ke6
35. Nd1 Ne3 36. gxf5+ gxf5 37. Nxe3 Rxe3+ 38. Kg2 Re5 39. c3 Rc4 40. h3 Rce4 41.
Rd1 Re2 42. Rd3 R5e3 43. Rxe3+ Rxe3 44. Rc2 d5 45. b3 h5 46. a4 Ke5 47. a5 Ke4
48. c4 Kd3 49. Rf2 dxc4 50. bxc4 bxc4 51. Rxf5 Re6 52. Rxh5 Rc6 53. Rd5+ Ke4 54.
Rd1 c3 55. Kf2 c2 56. Re1+ Kd3 57. Re3+ Kd4 0-1